[Event "Let's Play Chess!"]
[Site "http://www.queenalice.com/game.php?id=535691"]
[Date "2009.2.6"]
[Round "-"]
[White "youwin"]
[Black "ainsworth"]
[Result "1-0"]
[WhiteElo "1870"]
[BlackElo "2159"]

1. d4 Nf6 2. c4 g6 3. Nc3 d5 4. cxd5 Nxd5 5. e4 Nxc3 6. bxc3 Bg7 7. Nf3 O-O 8.
Be2 c5 9. O-O Nc6 10. Be3 Bg4 11. d5 Ne5 12. Bxc5 Nxf3+ 13. Bxf3 Bxf3 14. Qxf3
Rc8 15. Bd4 Bxd4 16. cxd4 Rc4 17. Rfd1 Qc7 18. Qa3 Rc8 19. Qxa7 Qf4 20. Qxb7 Rc2
21. Rf1 Qxe4 22. Rae1 Qxd4 23. Rxe7 Rf8 24. Qb3 Rb2 25. Qf3 Rd2 26. Rfe1 1-0

[Event "Let's Play Chess!"]
[Site "http://www.queenalice.com/game.php?id=536120"]
[Date "2009.2.6"]
[Round "-"]
[White "ainsworth"]
[Black "constantin"]
[Result "1-0"]
[WhiteElo "2169"]
[BlackElo "1823"]

1. e4 e5 2. Nc3 c6 3. Bc4 Bb4 4. f4 Bxc3 5. dxc3 b5 6. Bb3 a5 7. a4 b4 8. cxb4
axb4 9. Nf3 exf4 10. Bxf4 f6 11. Ne5 fxe5 12. Qh5+ g6 13. Qxe5+ Qe7 14. Qxh8
Qxe4+ 15. Kd1 Qxf4 16. Qxg8+ Ke7 17. Qxc8 Qd4+ 18. Kc1 Qe3+ 19. Kb1 Qf2 20. Ka2
Qb6 21. Rad1 Ra5 22. Rhe1+ Kf6 23. Qf8+ Kg5 24. h4+ Kh5 25. Qf3+ Kh6 26. Qf4+ g5
27. Rd6+ Kh5 28. Bf7# 1-0

[Event "Let's Play Chess!"]
[Site "http://www.queenalice.com/game.php?id=536121"]
[Date "2009.2.6"]
[Round "-"]
[White "traub"]
[Black "ainsworth"]
[Result "0-1"]
[WhiteElo "1898"]
[BlackElo "2165"]

1. e4 e6 2. d4 d5 3. Nc3 Bb4 4. e5 c5 5. a3 Bxc3+ 6. bxc3 Qc7 7. Qg4 f6 8. Nf3
cxd4 9. Bb5+ Kf7 10. Qxd4 a6 11. exf6 gxf6 12. Bd3 e5 13. Qxd5+ Be6 14. Ng5+
fxg5 15. Qf3+ Nf6 16. Bxg5 Qxc3+ 17. Ke2 Bg4 0-1

[Event "Challenge"]
[Site "http://www.queenalice.com/game.php?id=536125"]
[Date "2009.2.6"]
[Round "-"]
[White "filomenos"]
[Black "ainsworth"]
[Result "0-1"]
[WhiteElo "1944"]
[BlackElo "2169"]

1. d4 Nf6 2. Nf3 g6 3. g3 Bg7 4. Bg2 O-O 5. Nc3 d5 6. Bf4 c6 7. O-O Bf5 8. Re1
Nbd7 9. Qd2 Qb6 10. Bh6 Bxh6 11. Qxh6 Qxb2 12. Qd2 Qxc2 13. Qxc2 Bxc2 14. Rec1
Be4 15. Nd2 Bxg2 16. Kxg2 e6 17. Rcb1 b6 18. a4 c5 19. Nf3 Rfc8 20. Nb5 a6 21.
Na3 cxd4 22. Nxd4 e5 23. Nf3 Kg7 24. Rc1 Ne8 25. Rd1 e4 26. Nd2 f5 27. Rac1 Nef6
28. Nc2 Nc5 29. Ra1 Nxa4 30. Nd4 b5 31. Rdb1 Ng4 32. e3 Ne5 33. N2b3 Nc3 34. Rc1
b4 35. Rc2 Nc4 36. Ne6+ Kf6 37. Ned4 a5 38. Ne2 Nxe2 39. Rxe2 a4 40. Nd4 b3 41.
Rb1 Na3 42. Ra1 Nc2 43. Rb1 Nxd4 44. exd4 Rc2 45. Rxc2 bxc2 46. Rc1 a3 47. Ra1
Rc8 48. Rc1 a2 0-1

[Event "International"]
[Site "http://www.queenalice.com/game.php?id=540183"]
[Date "2009.2.14"]
[Round "-"]
[White "Jean_Fabio"]
[Black "ainsworth"]
[Result "1/2-1/2"]
[WhiteElo "2001"]
[BlackElo "2174"]

1. f4 e5 2. fxe5 d6 3. exd6 Bxd6 4. Nf3 Bg4 5. e3 Nc6 6. Bb5 Ne7 7. O-O O-O 8.
d4 a6 9. Bd3 Ng6 10. c3 Qd7 11. Nbd2 f5 12. e4 fxe4 13. Nxe4 Kh8 14. Qc2 Bxf3
15. Rxf3 Rxf3 16. gxf3 Rf8 17. Nxd6 Qxd6 18. Bxg6 hxg6 19. Qg2 Ne7 20. Bg5 Nf5
21. Re1 c5 22. dxc5 Qxc5+ 23. Kh1 Qd5 24. a3 Nd6 25. f4 1/2-1/2

[Event "International 2"]
[Site "http://www.queenalice.com/game.php?id=540185"]
[Date "2009.2.14"]
[Round "-"]
[White "ainsworth"]
[Black "Jean_Fabio"]
[Result "1/2-1/2"]
[WhiteElo "2169"]
[BlackElo "2008"]

1. e4 e5 2. Nc3 Nf6 3. f4 d5 4. fxe5 Nxe4 5. Nf3 Be7 6. d3 Nxc3 7. bxc3 O-O 8.
d4 f6 9. exf6 Bxf6 10. Be2 Bh4+ 11. g3 Bf6 12. O-O Bh3 13. Rf2 Nd7 14. Rb1 Nb6
15. Bd3 Qe7 16. Re2 Qf7 17. Rf2 Bg4 18. h3 Bxf3 19. Qxf3 Qe7 20. Re2 Qd7 21. Qg4
Qxg4 22. hxg4 Rae8 23. Rxe8 Rxe8 24. Bf4 c6 25. g5 Be7 26. Kg2 g6 27. a4 Nxa4
28. c4 b6 29. Rb3 Rc8 1/2-1/2

[Event "Challenge"]
[Site "http://www.queenalice.com/game.php?id=546137"]
[Date "2009.2.25"]
[Round "-"]
[White "ainsworth"]
[Black "filomenos"]
[Result "1-0"]
[WhiteElo "2164"]
[BlackElo "1929"]

1. e4 e5 2. Nc3 g6 3. Bc4 Nc6 4. f4 Bg7 5. Nf3 exf4 6. O-O Nf6 7. d3 O-O 8. Bxf4
d6 9. Bg5 Qd7 10. Bb5 a6 11. Ba4 b5 12. Nxb5 axb5 13. Bxb5 Bb7 14. Nd4 d5 15.
Bxf6 Qd6 16. Bxg7 Kxg7 17. Bxc6 Bxc6 18. Nxc6 Qxc6 19. exd5 Qxd5 20. Qf3 Qd4+
21. Qf2 Qxb2 22. Rab1 Qxa2 23. Rb7 Ra7 24. Rxa7 1-0

[Event "Let's Play Chess!"]
[Site "http://www.queenalice.com/game.php?id=563152"]
[Date "2009.3.28"]
[Round "-"]
[White "jnable"]
[Black "ainsworth"]
[Result "0-1"]
[WhiteElo "2076"]
[BlackElo "2161"]

1. e4 e6 2. d4 d5 3. Nc3 Bb4 4. e5 c5 5. a3 Bxc3+ 6. bxc3 Qc7 7. Bd2 Ne7 8. Qg4
cxd4 9. Qxg7 Rg8 10. Qxh7 Qxe5+ 11. Kd1 dxc3 12. Nf3 Qe4 13. Ng5 Qg4+ 14. Be2
Qxg2 15. Qxf7+ Kd8 16. Bf3 Qxf2 17. Bf4 e5 18. Bc1 Bf5 19. Be2 Rxg5 20. Qf8+ Kd7
21. Qh6 Rg1+ 0-1

[Event "Let's Play Chess!"]
[Site "http://www.queenalice.com/game.php?id=563153"]
[Date "2009.3.28"]
[Round "-"]
[White "ainsworth"]
[Black "jnable"]
[Result "1/2-1/2"]
[WhiteElo "2170"]
[BlackElo "2071"]

1. e4 e5 2. Nc3 Nf6 3. f4 d5 4. fxe5 Nxe4 5. Nf3 Bg4 6. Qe2 Nxc3 7. bxc3 Nd7 8.
d4 c5 9. Rb1 Qc7 10. Bf4 Be7 11. e6 Qxf4 12. exd7+ Bxd7 13. Rxb7 Qe4 14. Qxe4
dxe4 15. Ne5 Ba4 16. Bb5+ Bxb5 17. Rxb5 cxd4 18. cxd4 O-O 19. Nc6 Bf6 20. c4
Rfc8 21. d5 Bc3+ 22. Ke2 f5 23. Ne7+ Kf7 24. Nxc8 Rxc8 25. c5 1/2-1/2

[Event "Let's Play Chess!"]
[Site "http://www.queenalice.com/game.php?id=563196"]
[Date "2009.3.28"]
[Round "-"]
[White "ainsworth"]
[Black "Demig"]
[Result "1-0"]
[WhiteElo "2171"]
[BlackElo "1230"]

1. e4 e5 2. Nc3 c6 3. Bc4 Qf6 4. f4 d6 5. Nf3 Nh6 6. fxe5 dxe5 7. O-O Bc5+ 8. d4
exd4 9. Na4 Bb4 10. Ng5 Qe7 11. Bxf7+ Nxf7 12. Rxf7 Qe5 13. Bf4 Qb5 14. Rxg7 h5
15. Qxd4 Qxa4 16. Qe5+ Kd8 17. Qc7+ Ke8 18. Qxc8# 1-0

[Event "Challenge"]
[Site "http://www.queenalice.com/game.php?id=583174"]
[Date "2009.5.5"]
[Round "-"]
[White "ainsworth"]
[Black "H_U_G_O"]
[Result "1-0"]
[WhiteElo "2167"]
[BlackElo "1288"]

1. e4 Nf6 2. Nc3 c6 3. Bc4 d5 4. exd5 cxd5 5. Bb3 d4 6. Nce2 Qb6 7. Nf3 Ne4 8.
d3 Qa5+ 9. Bd2 Qb6 10. dxe4 Qb5 11. Nfxd4 Bg4 12. Nxb5 Nc6 13. Nc7+ Kd7 14. Bf4+
Kc8 15. Nxa8 Bxe2 16. Kxe2 Nb4 17. Bxf7 g6 18. Be6# 1-0

[Event "Challenge"]
[Site "http://www.queenalice.com/game.php?id=583177"]
[Date "2009.5.5"]
[Round "-"]
[White "ainsworth"]
[Black "H_U_G_O"]
[Result "1-0"]
[WhiteElo "2167"]
[BlackElo "1248"]

1. e4 d6 2. f4 e6 3. Nf3 Nf6 4. Nc3 Ng4 5. Bc4 c6 6. O-O Qb6+ 7. d4 Be7 8. h3
Nh6 9. f5 exf5 10. Qe1 Bf6 11. exf5+ Be7 12. Bxh6 gxh6 13. f6 Qc7 14. fxe7 Qxe7
15. Qg3 Qe3+ 16. Rf2 Bf5 17. Re1 Qxe1+ 18. Nxe1 Nd7 19. Rxf5 O-O-O 20. Rxf7 Nb6
21. Qg7 Nxc4 22. Rc7+ Kb8 23. Rxb7+ Ka8 24. Rxa7+ Kb8 25. Qc7# 1-0

[Event "Challenge"]
[Site "http://www.queenalice.com/game.php?id=583223"]
[Date "2009.5.5"]
[Round "-"]
[White "ainsworth"]
[Black "limonois"]
[Result "0-1"]
[WhiteElo "2172"]
[BlackElo "2194"]

1. e4 a6 2. f4 b5 3. Nf3 Bb7 4. d3 e6 5. Be2 c5 6. O-O Nc6 7. Be3 Nf6 8. h3 d5
9. e5 d4 10. Bf2 Nd5 11. g3 Nce7 12. c3 Nf5 0-1

[Event "Challenge #1"]
[Site "http://www.queenalice.com/game.php?id=597067"]
[Date "2009.6.2"]
[Round "-"]
[White "Aylton"]
[Black "ainsworth"]
[Result "1/2-1/2"]
[WhiteElo "1951"]
[BlackElo "2168"]

1. d4 Nf6 2. Nf3 g6 3. e3 d5 4. c4 Bg7 5. Nc3 O-O 6. h3 Bf5 7. a3 c6 8. Qb3 b6
9. cxd5 cxd5 10. Be2 Nc6 11. O-O Rc8 12. Ba6 Rc7 13. Bd2 Na5 14. Qa2 Nc4 15. b4
Ne4 1/2-1/2

[Event "Challenge #2"]
[Site "http://www.queenalice.com/game.php?id=597068"]
[Date "2009.6.2"]
[Round "-"]
[White "ainsworth"]
[Black "Aylton"]
[Result "1-0"]
[WhiteElo "2161"]
[BlackElo "1964"]

1. e4 e5 2. Nc3 Nf6 3. f4 d6 4. Nf3 Bg4 5. Bc4 Bxf3 6. Qxf3 Nc6 7. O-O Be7 8. d3
O-O 9. Be3 a6 10. a4 Nb4 11. fxe5 dxe5 12. Rf2 c6 13. Raf1 b5 14. axb5 axb5 15.
Bb3 Qd6 16. Qg3 Rfb8 17. Bh6 g6 18. Bg5 Nh5 19. Rxf7 Nxg3 20. Rf8+ 1-0

[Event "Challenge"]
[Site "http://www.queenalice.com/game.php?id=599186"]
[Date "2009.6.5"]
[Round "-"]
[White "sateyea"]
[Black "ainsworth"]
[Result "0-1"]
[WhiteElo "1985"]
[BlackElo "2201"]

1. e4 e6 2. d4 d5 3. e5 c5 4. c3 Nc6 5. Nf3 Qb6 6. a3 c4 7. Be2 Bd7 8. O-O Nge7
9. Nbd2 Ng6 10. h3 Nf4 11. Nb1 Nxe2+ 12. Qxe2 Na5 13. Nbd2 Be7 14. Nh2 O-O-O 15.
Qd1 f5 16. Rb1 g5 17. b3 cxb3 18. Nxb3 Ba4 19. Nd2 Bxd1 20. Rxb6 axb6 21. Rxd1
h5 22. Bb2 g4 23. hxg4 hxg4 24. g3 Rh3 25. Kg2 Rdh8 26. Nhf1 b5 27. Rb1 Kc7 28.
Bc1 Kc6 29. Ra1 Nc4 30. Nxc4 bxc4 31. a4 Ra8 32. Bf4 Ra5 33. Ne3 Rh8 34. Nc2 Kc7
35. Nb4 b5 0-1

[Event "marina x ainsworth"]
[Site "http://www.queenalice.com/game.php?id=602233"]
[Date "2009.6.12"]
[Round "-"]
[White "marinachess"]
[Black "ainsworth"]
[Result "0-1"]
[WhiteElo "1994"]
[BlackElo "2168"]

1. e4 e6 2. d4 d5 3. Nc3 Bb4 4. e5 c5 5. Nf3 Nc6 6. dxc5 Nge7 7. Bd2 Ng6 8. a3
Bxc5 9. Bd3 Ncxe5 10. Nxe5 Nxe5 11. Be2 Bd7 12. O-O Bc6 13. Kh1 O-O 14. f4 Nc4
15. b4 Nxd2 16. Qxd2 Be7 17. f5 d4 18. Nd1 Qd5 19. Bf3 Qxf5 20. Nb2 Bxf3 21.
Rxf3 Qd5 22. Raf1 Rac8 23. Nd3 e5 24. Rg3 f5 25. Qh6 Rf7 26. Rxf5 Rxc2 27. Nxe5
Qxe5 28. Rxf7 Qe1+ 0-1

[Event "Challenge #3"]
[Site "http://www.queenalice.com/game.php?id=618646"]
[Date "2009.7.14"]
[Round "-"]
[White "Aylton"]
[Black "ainsworth"]
[Result "0-1"]
[WhiteElo "2046"]
[BlackElo "2182"]

1. d4 Nf6 2. Nf3 g6 3. c4 d5 4. e3 Bg7 5. Nc3 O-O 6. h3 Bf5 7. Qb3 dxc4 8. Qxb7
Nbd7 9. Bxc4 Nb6 10. Be2 Qd6 11. Bd2 Bc8 12. Qxa8 Nxa8 13. O-O Ba6 14. Bxa6 Qxa6
15. b4 Nb6 16. b5 Qa3 17. Rfb1 Nc4 18. Rb3 Qd6 19. Be1 e5 20. a4 exd4 21. Nxd4
Re8 22. a5 Nd5 23. Nxd5 Qxd5 24. Rd3 Bxd4 25. Rxd4 Qxb5 26. Rc1 Ne5 27. Rcd1 c5
28. Rd5 Qb3 29. Kh2 c4 30. Kg3 Nd3 31. R5xd3 cxd3 0-1

[Event "Challenge #4"]
[Site "http://www.queenalice.com/game.php?id=618647"]
[Date "2009.7.14"]
[Round "-"]
[White "ainsworth"]
[Black "Aylton"]
[Result "1-0"]
[WhiteElo "2175"]
[BlackElo "2019"]

1. e4 c5 2. d4 cxd4 3. c3 dxc3 4. Nxc3 Nc6 5. Bc4 e6 6. Nf3 d6 7. O-O Nf6 8. Qe2
Be7 9. Rd1 e5 10. Bb5 Bd7 11. Bg5 a6 12. Ba4 b5 13. Bb3 h6 14. Bxf6 gxf6 15. a4
b4 16. Qc4 O-O 17. Nd5 Be6 18. Qxc6 a5 19. Rac1 Kg7 20. Nh4 Rc8 21. Qb7 Bxd5 22.
Nf5+ Kh7 23. Bxd5 1-0

[Event "Challenge #5"]
[Site "http://www.queenalice.com/game.php?id=627613"]
[Date "2009.7.30"]
[Round "-"]
[White "Aylton"]
[Black "ainsworth"]
[Result "0-1"]
[WhiteElo "1955"]
[BlackElo "2196"]

1. d4 Nf6 2. Nf3 g6 3. e3 d5 4. c4 Bg7 5. Nc3 O-O 6. h3 Bf5 7. Bd3 dxc4 8. Bxc4
c5 9. O-O cxd4 10. Nxd4 Bd7 11. a3 Nc6 12. Nxc6 Bxc6 13. Qe2 Rc8 14. Ba2 Qb6 15.
Rd1 Ne4 16. Nxe4 Bxe4 17. f3 Rc2 18. Rd2 Bxb2 19. Bxb2 Qxb2 20. Rad1 Qxa2 21.
fxe4 Rxd2 22. Rxd2 Qxa3 23. Rd3 Qc1+ 24. Rd1 Qc6 25. Qd3 a5 26. Kf2 a4 27. Kf3
b5 28. Rb1 f5 0-1

[Event "Challenge #6"]
[Site "http://www.queenalice.com/game.php?id=627614"]
[Date "2009.7.30"]
[Round "-"]
[White "ainsworth"]
[Black "Aylton"]
[Result "1-0"]
[WhiteElo "2190"]
[BlackElo "1977"]

1. e4 e6 2. d4 d5 3. e5 c5 4. c3 Nc6 5. Nf3 a6 6. Bd3 f6 7. O-O fxe5 8. Nxe5 Nf6
9. Nd2 cxd4 10. Nxc6 bxc6 11. cxd4 Be7 12. Nf3 O-O 13. Ne5 Bb7 14. Be3 g6 15.
Bh6 Re8 16. Qc2 Rc8 17. Bxg6 hxg6 18. Qxg6+ 1-0